000 01787nam0a2200397 4500
001 RU\NLR\bibl\1457326
005 20250803040118.0
010 _a978-5-9765-0256-7
_bФлинта
010 _a978-5-02-034758-8
_bНаука
_91000
021 _aRU
_b2009-89437
_95632
035 _a(NLR Aleph) 001449117
035 _a(nilc)RSL-KNO-004407209
090 _a1511732
_c1511732
100 _a20091105d2010 |||y0rusy50 ca
101 0 _arus
102 _aRU
105 _ay |||||||||
200 1 _aСтилистика русского языка
_eучебник
_eдля студентов высших учебных заведений, обучающихся по направлению 050300 Филологическое образование
_fМ.Н. Кожина, Л.Р. Дускаева, В.А. Салимовский
205 _a2-е изд.
210 _aМосква
_cФлинта
_cНаука
_d2010 [т.е. 2009]
215 _a462, [1] с.
_d21
300 _aКн. фактически изд. в 2009 г.
320 _aБиблиогр.: с. 451-463
606 1 _aРусский язык
_jУчебники для высших учебных заведений
_xСтилистика
_91563135
_3RU\NLR\auth\66984157
686 1 _aШ141.12-923-7
700 1 _aКожина
_bМ. Н.
_gМаргарита Николаевна
_4070
701 1 _aДускаева
_bЛ. Р.
_gЛилия Рашидовна
_4070
701 1 _aСалимовский
_bВ. А.
_gВладимир Александрович
_4070
801 0 _aRU
_bРКП
_c20091105
_grcr
801 1 _aRU
_bРГБ
_c20091105
801 2 _aRU
_bNLR
_c20091224
_grcr
830 _aавт. по кн.
942 _cBOOK
980 _aNB